| 000 | 00667cam a22002291 4500 | ||
|---|---|---|---|
| 001 | 2642656 | ||
| 003 | ARRUPE | ||
| 005 | 20150114140352.0 | ||
| 008 | 740625s1966 caua 000 0 eng | ||
| 010 | _a 66027947 | ||
| 040 |
_aDLC _cDLC _dDLC |
||
| 050 | 0 | 0 |
_aQB981 _b.A5513 |
| 082 | 0 | 0 | _a523.12 |
| 100 | 1 |
_aAlfvén, Hannes, _d1908-1995. _913945 |
|
| 240 | 1 | 0 |
_aVärlden--spegelvärlden. _lEnglish |
| 245 | 1 | 0 | _aWorlds-antiworlds; antimatter in cosmology. |
| 260 |
_aSan Francisco, _bW. H. Freeman _c[1966] |
||
| 300 |
_a103 p. _billus. _c21 cm. |
||
| 650 | 0 |
_aCosmogony. _96792 |
|
| 906 |
_a7 _bcbc _corignew _du _eocip _f19 _gy-gencatlg |
||
| 942 |
_2lcc _cMONOGRAPH |
||
| 999 |
_c121663 _d121663 |
||